| 000 | 00684nam a2200205 a 4500 | ||
|---|---|---|---|
| 005 | 20140412111344.0 | ||
| 008 | 040524s19uu xx 00 eng d | ||
| 020 | _a0-02-830905-7 | ||
| 050 |
_aTR(GS 372.4 _bA1 2000 |
||
| 100 | _aAdams, Marilyn Jager | ||
| 245 |
_aOpen court reading (Orange), L.1-B.C / _cMarilyn Jager Adams. |
||
| 250 | _aTeacher's Edition | ||
| 260 |
_aColumbus, Ohio : _bSRA McGraw-Hill Comp, _c2000. |
||
| 300 | _axx p. 429p. | ||
| 440 | _aSRA open court reading, Orange | ||
| 500 | _aContents: Things that go--Captain Bill Pinkney's journey | ||
| 650 |
_aReading _xStudy and teaching |
||
| 650 |
_aEnglish language _xStudy and teaching |
||
| 999 |
_c105177 _d105177 |
||